000 00497nam a2200181 i 4500
001 104660
003 ES-MaACL
005 20230906183646.0
007 t|
008 051207s1919 fr |||| | fre d
080 _a821.133.1-31"19"
100 1 _aMiomandre, Francis de.
_981399
245 1 0 _aEcrit sur de l'eau /
_cFrancis de Miomandre.
250 _aNouvelle ed.
260 _aParis :
_b[s.n.],
_c1919 (
_fImp. Julien Crémieu)
300 _a281 p. ;
_c19 cm.
852 _aES-MaACL
_jF-10374
999 _c104660
_d104660